[Event "Cutro 07th"]
[Site "Cutro"]
[Date "2001.04.26"]
[Round "5"]
[White "Halkias, Stelios"]
[Black "Ortega, Lexy"]
[Result "0-1"]
[WhiteElo "2494"]
[BlackElo "2487"]
[Annotator "Tsesarsky,I"]
[PlyCount "66"]
[EventDate "2001.04.22"]
[EventType "tourn"]
[EventRounds "10"]
[EventCountry "ITA"]
[EventCategory "9"]
[SourceTitle "CBM 083"]
[Source "ChessBase"]
[SourceDate "2001.07.05"]
[SourceVersion "1"]
[SourceVersionDate "2001.07.05"]
[SourceQuality "1"]

1. d4 d5 2. Nf3 c6 3. e3 Nf6 4. c4 e6 5. Bd3 Nbd7 6. O-O Bd6 7. Nbd2 O-O 8. e4
e5 9. exd5 cxd5 10. cxd5 exd4 11. Ne4 Nxe4 12. Bxe4 Nf6 {This position can be
creared with another variation:Nb1-c3 instead of Nb1-d2.} (12... Nc5 13. Bc2
Bg4 14. Qxd4 Bxf3 15. gxf3 Re8 16. Be3 Re5 17. Qg4 Nd7 18. f4 Nf6 19. Qf3 Rxd5
20. Bb3 Rf5 21. Qxb7 Bxf4 22. Bxf7+ Kh8 23. Rad1 $16 {1-0 Karpov,A-Shirov,A/
Monte Carlo 1995/CBM 46 ext (44)}) 13. Bc2 (13. Bg5 Be7 14. Bxf6 (14. Bc2 Nxd5
15. Bxe7 Qxe7 16. Qxd4 Be6 17. Rfe1 Rfd8 {1/2-1/2 Mikhalchishin,A-Kosic,D/
Igalo 1994/EXT 2000 (17)}) 14... Bxf6 15. Nxd4 Qb6 16. Nb3 Bxb2 17. Bxh7+ Kxh7
18. Qc2+ Qg6 19. Qxb2 Bh3 20. f3 $16 {1-0 Loginov,A-Patsuk,L/Moscow 1999/EXT
2001 (55)}) (13. Qxd4 Nxe4 (13... Re8 $2 14. Bg5 Qb6 15. Bxf6 Qxd4 16. Bxh7+
Kxh7 17. Bxd4 $18 {1-0 Onischuk,A-Erikalov,A/Tomsk RUS 2001/The Week in Chess
341 (59)}) 14. Qxe4 Re8 (14... Qf6 15. Rd1 Bd7 16. Qd4 Qf5 17. Bd2 $16 {
1/2-1/2 Fominyh,A-Barua,D/Guntur, AP 2000/CBM 77 (24)}) 15. Qd4 $1 {[%csl Gc8,
Gd6] Best move. Therefore, Black has strong compensation for P lack - pair of
BB. White has slight advantage, but in the games below he didn't win no one...}
({After} 15. Qd3 Qf6 {Black got good counterplay in all of games played this
variation:} 16. Bg5 (16. Bd2 Bf5 (16... Bg4 17. Rad1 Bxf3 18. Qxf3 Qxb2 19. Bc3
Qc2 20. Rd2 Qe4 21. Qd1 $132 {0-1 Welling,G-Dao Thien Hai/Budapest 1996/CBM 52
ext (26)}) 17. Qd4 Qxd4 18. Nxd4 Be4 19. Nb5 Be5 20. Nc3 {1/2-1/2 Nenashev,
A-Akopian,V/Luzern 1993/CBM 38 (20)}) (16. Be3 Bf5 17. Qd2 Be4 {1/2-1/2
Kasparov,G-Kramnik,V/Moscow 1998/CBM 67 ext (17)}) 16... Qxb2 (16... Bf5 17.
Qd2 Qg6 18. Bf4 Be4 19. Bxd6 Qxd6 20. Ng5 Qxd5 21. Nxe4 Qxe4 $11 {1/2-1/2
Chiburdanidze,M-Wang Lei/Shanghai CHN 2001/The Week in Chess 343 (24)}) 17.
Rfb1 Qe2 18. Qxe2 Rxe2 19. Be3 $132 {1/2-1/2 Nikolic,P-Akopian,V/Biel 1993/CBM
37 (21)}) 15... Bf5 (15... b6 16. Bg5 f6 17. Be3 Ba6 18. Rfe1 Qd7 19. Rad1 Rac8
20. Qd2 $14 {0-1 Halkias,S-Poliakov,D/Aviles 2000/CBM 77 ext (43)}) 16. Bg5 Qa5
17. Bd2 Qb5 18. Bc3 f6 (18... Bf8 19. Rfe1 Rxe1+ 20. Rxe1 $14 {1/2-1/2 Slutzky,
L-Tyomkin,D/Israel 1996/CBM 52 ext (62)}) 19. Rfe1 Red8 20. Nh4 Bd7 21. Qe4 $14
{1/2-1/2 Drasko,M-Kosic,D/Podgorica 1993/CBM 36 (54)}) 13... h6 ({Good enough
also} 13... Bg4 14. h3 (14. Bg5 h6 15. Bh4 g5 16. Bg3 Bxg3 17. fxg3 Qxd5 18.
Bb3 Qd6 $11 {1/2-1/2 Kozul,Z-Pavasovic,D/Pozega 2000/EXT 2001 (38)}) 14... Bxf3
15. Qxf3 Nxd5 (15... Rc8 16. Bb3 Qe7 17. Bf4 Rfd8 18. Rfe1 Qd7 19. Rad1 Bc5 20.
Be5 Re8 21. Bxf6 gxf6 22. Bc2 $16 {1-0 Danner,G-Lakos,N/Oberwart 2000/EXT 2001
(49)}) (15... Qa5 16. Rd1 Rae8 17. Bg5 Be5 18. Bxf6 Bxf6 19. Qf5 {1-0 Jelen,
I-Pavasovic,D/Bled 2000/EXT 2001 (19)}) 16. Be4 Nf6 17. Bxb7 Rb8 18. Ba6 Qa5
19. Bc4 Nd7 20. Bb3 Ne5 21. Qg3 Rb6 $132 {1-0 Kasimdzhanov,R-Dao Thien Hai/
Teheran 1998/EXT 99 (44)}) 14. Qxd4 Bg4 15. Bb3 ({Worth of attention} 15. Bd1
$1 {[%cal Gd1f3] avoiding PP chain damage:} Re8 16. Be3 Rc8 17. h3 $14) 15...
Re8 16. h3 $6 $132 ({Interesting is} 16. Rd1 $1 Bxf3 17. gxf3 Qd7 18. Bf4 Bxf4
19. Qxf4 $14) 16... Bxf3 17. gxf3 Qd7 18. Kg2 a5 19. a4 (19. Rd1 $6 a4 20. Bc2
Re5 $15) 19... Qf5 20. Be3 (20. Rd1 Re5 ({Black can drew by force:} 20... Qg6+
21. Kh1 Qh5 22. Kg2 Qg6+ $11) 21. Bf4 Qg6+ 22. Bg3 (22. Kf1 Qh5 $44) 22... Nh5
23. Bc2 $8 f5 $132) 20... Qg6+ 21. Kh1 Qh5 (21... Rxe3 $1 {-see below.}) 22.
Kg2 Qg6+ 23. Kh1 Rxe3 $1 $36 {Leads to stable initiative, not to advantage.}
24. fxe3 ({I would prefer} 24. Qxe3 Re8 (24... Qf5 25. Kg2 Re8 26. Qd4 Be5 27.
Qh4 Nh5 28. Rad1 Nf4+ 29. Kh1 h5 30. d6 $16) 25. Qb6 Be5 26. Rg1 Qf5 27. Rg2
Qxh3+ 28. Kg1 Qxf3 29. d6 $132) 24... Nh5 25. Qg4 ({Possible also} 25. Qd2 Ng3+
26. Kg1 Nf5+ 27. Qg2 (27. Kh1 Qg3 28. Qg2 Qxg2+ 29. Kxg2 Nxe3+ 30. Kf2 Nxf1 31.
Rxf1 $132) 27... Qxg2+ 28. Kxg2 Nxe3+ 29. Kf2 Nxf1 30. Rxf1 $11) 25... Ng3+ 26.
Kg2 Qd3 27. Qc4 (27. Bc4 Nxf1 28. Bxd3 Nxe3+ 29. Kf2 Nxg4+ 30. hxg4 $11) 27...
Qxe3 28. Rf2 $2 $17 {White is already too tired of hard defence and put
mistake.} ({Was keep equality} 28. Rfe1 Qd2+ 29. Kg1 Nf5 30. Re2 Qg5+ 31. Qg4
Nd4 32. Qxg5 Nxe2+ 33. Kf2 hxg5 34. Kxe2 $11) 28... Re8 29. Qg4 $2 $19 {
Loses immediately} (29. Rd1 $142 Nh5 30. Rd4 Nf4+ 31. Rxf4 Bxf4 32. d6 Bxd6 33.
Qxf7+ Kh8 34. Bc4 Qg5+ 35. Kh1 Rf8 36. Qe6 Qc1+ 37. Rf1 Qf4 38. Rf2 Rd8 39. b3
Be5 $17) ({Or} 29. Qc3 Qg5 $17) 29... Ne2 $6 ({Black missed elegant
possibility to give mate by force:} 29... Qxf2+ $1 30. Kxf2 Re2+ 31. Kg1 Bc5+)
30. Qd7 {Another variations are hopeless also:} (30. Bc4 Nf4+ 31. Kf1 h5 32.
Qh4 Bc5 33. d6 Bxd6 34. Bb5 Re7 $19) ({Or} 30. Re1 Nf4+ 31. Qxf4 Qxf4 32. Rxe8+
Kh7 33. Bc2+ g6 34. Kf1 Qg3 $19) 30... Nf4+ 31. Kg1 Nd3 32. Raf1 Nxf2 33. Qxd6
(33. Rxf2 Bc5 $19) 33... Ne4+ 0-1

[Event "RUS-Cup6"]
[Site "Krasnodar"]
[Date "1997.??.??"]
[Round "7"]
[White "Shcherbakov, Ruslan"]
[Black "Beshukov, Sergei"]
[Result "1-0"]
[WhiteElo "2580"]
[BlackElo "2435"]
[Annotator "Tsesarsky,I"]
[PlyCount "95"]
[EventDate "1997.03.11"]
[EventType "swiss"]
[EventRounds "9"]
[EventCountry "RUS"]
[SourceTitle "EXT 2000"]
[Source "ChessBase"]
[SourceDate "1999.11.16"]
[SourceVersion "1"]
[SourceVersionDate "1999.11.16"]
[SourceQuality "1"]

1. d4 d5 2. c4 c6 3. Nf3 e6 4. Nbd2 Nf6 5. e3 c5 6. b3 Nbd7 $5 $146 (6... Nc6
7. Bb2 cxd4 (7... Be7 8. Bd3 (8. dxc5 Bxc5 9. a3 a5 10. Bd3 O-O 11. O-O b6 12.
Qc2 h6 13. cxd5 $14 {1-0 Vera,R-Muir,A/32nd ol, Yerevan ARM 1996 (27)}) 8...
O-O 9. O-O b6 10. Qe2 Bb7 11. Rfd1 Qc7 12. Rac1 Rad8 13. dxc5 bxc5 14. Bxf6
Bxf6 15. cxd5 exd5 16. Rxc5 $16 {Smyslov,V-Shabalov,A/Tilburg 1993/1-0 (77)}) (
7... Bd6 8. Rc1 cxd4 9. exd4 Qe7 10. Ne5 Ba3 11. Bxa3 Qxa3 12. cxd5 exd5 13.
Nxc6 bxc6 14. Bd3 Bg4 15. Qc2 Qe7+ 16. Kf1 O-O 17. h3 Bd7 $132 {1/2-1/2 Kan,
I-Levenfish,G/Moscow 1935 (38)}) 8. exd4 Ne4 (8... Be7 9. Rc1 O-O 10. Bd3 Bd7
11. O-O Nh5 $2 12. Re1 $14 {Kasparov,G-Comp Deep Blue/Philadelphia m 1996/1-0 
(43)}) 9. Bd3 Bb4 10. O-O Nxd2 11. Nxd2 dxc4 12. Nxc4 O-O 13. Be4 Ne7 14. Qd3
Ng6 15. Rfd1 Rb8 16. d5 $16 {1/2-1/2 Karpov,A-Kaidanov,G/Tilburg 1993 (48)}) (
6... dxc4 7. Bxc4 cxd4 8. Nxd4 Bd6 9. Bb2 O-O 10. O-O Bd7 11. Be2 Nc6 12. Nc4
Bc5 13. Bf3 Rc8 14. Nb5 Be7 15. Nbd6 Rc7 16. Nb5 Rc8 17. Rc1 a6 18. Nbd6 Rc7
19. Qd2 {1/2-1/2 Yusupov,A-Anand,V/Moskva 1992}) 7. Bb2 (7. cxd5 Nxd5 (7...
exd5 8. Bb2 $14) 8. Bb2 cxd4 $11) 7... b6 $6 (7... Bd6 8. cxd5 exd5 (8... Nxd5
9. dxc5 $16) 9. dxc5 Nxc5 10. Bb5+ $14) (7... cxd4 $1 8. exd4 Be7 9. Bd3 b6 10.
O-O O-O 11. Re1 Bb7 12. Rc1 $11) 8. cxd5 $1 $14 exd5 9. Bd3 Bb7 (9... Bd6 $5)
10. O-O Bd6 11. dxc5 Bxc5 (11... bxc5 12. e4 dxe4 (12... d4 13. e5 $1 $16) 13.
Re1 O-O 14. Nxe4 Nxe4 15. Bxe4 Bxe4 16. Rxe4 $14) 12. Nd4 (12. a3 a5 (12... O-O
13. b4 Bd6 14. Rc1 $14) 13. Nd4 $14) 12... O-O 13. Nf5 (13. Rc1 $14) 13... g6
$5 (13... Rc8 14. a3 $14 (14. b4 $2 Bxb4 15. Nxg7 $2 Bxd2 $19) (14. Nxg7 $2
Kxg7 15. Qg4+ Kh8 16. Qf5 d4 17. exd4 Rg8 18. Nf3 Bb4 $17) (14. Rc1 $14)) 14.
Nh6+ Kg7 15. Ng4 Kg8 16. Nxf6+ Nxf6 17. Nf3 (17. Qf3 Ne8 18. Rac1 Qh4 $14)
17... Ne4 (17... Re8 18. Rc1 Qe7 19. Re1 Ne4 20. Re2 $14) 18. Rc1 Qe7 (18...
Rc8 19. Nd4 $16) 19. Nd4 Rac8 20. Qe2 Bd6 $5 (20... f5 $5 21. f3 Ng5 22. Qd2
Rfe8 23. Rfe1 a6 24. Nc2 (24. a3 Bxa3 25. Bxa3 Qxa3 26. Ra1 Qc5 27. Bxa6 Bxa6
28. Rxa6 Qc3 $11) 24... Nf7 25. b4 (25. Qc3 Bxe3+ 26. Rxe3 Qxe3+ 27. Nxe3 Rxc3
$17) 25... Bd6 26. f4 b5 27. a3 $14) 21. Nb5 $5 Bb8 (21... Bc5 22. Nxa7 Ra8 23.
Nb5 Rxa2 24. Bf6 $1 (24. b4 Nxf2 $1 25. Rxf2 (25. bxc5 Rxb2 26. Qxb2 Nxd3 27.
Qd4 Nxc1 28. Rxc1 Rc8 $17) 25... Bxe3 26. Bb1 Rxb2 27. Qxb2 Bxc1 28. Qxc1 Qxb4
$14) 24... Rxe2 25. Bxe7 Rd2 26. Bxf8 Rxd3 27. Bxc5 bxc5 28. b4 cxb4 29. Rc7
Ba6 30. Nd4 Rc3 31. Rxc3 Nxc3 32. Ra1 Bc4 33. Ra7 $18) 22. Ba3 $6 (22. Rfd1 $14
) 22... Nc5 23. Nd4 (23. Rfd1 Qh4 24. g3 Qe7 $14) 23... Bd6 24. Rc2 (24. Rfd1
f5 $1 $132) (24. Bb2 Nxd3 25. Qxd3 Qe5 26. f4 Qe4 $11) 24... a6 (24... f5 25.
Nb5 Bb8 26. Rd1 f4 $1 $132) 25. Bb2 Nxd3 26. Rxc8 (26. Qxd3 Rxc2 27. Nxc2 Rc8
28. Qd4 f6 $11 (28... Be5 29. Qxe5 Qxe5 30. Bxe5 Rxc2 $11)) 26... Rxc8 27. Qxd3
Qe4 (27... Qh4 28. Nf3 Qe4 $11) 28. Qd2 a5 (28... Qh4 29. h3 Rc7 $11) 29. Rc1
Rxc1+ 30. Qxc1 Ba6 (30... f5 31. h3 f4 $132) 31. h3 (31. Nc6 h5 32. f3 Qd3 33.
Bd4 Ba3 34. Qe1 Bd6 $11) 31... Bc5 32. Nf3 Qd3 $2 (32... h5 $1 33. Qc3 Qb1+ 34.
Kh2 d4 35. Nxd4 Bb4 36. Qc2 Qxa2 37. Kg3 $132) 33. Ne5 $1 $16 Qe2 (33... Qf5
34. Ng4 (34. Nc6 Qd3) 34... Kf8 35. Ba3 Bxa3 36. Qxa3+ $16) 34. Nd7 Bd6 $2 (
34... h5 35. Nf6+ Kf8 36. Nxd5 $16) 35. Nxb6 $2 (35. Nf6+ $1 Kf8 36. Nd7+ (36.
Ba3 $1 Bxa3 $8 37. Qxa3+ Kg7 38. Nd7 Qe1+ $8 39. Kh2 Qb4 $8 40. Qb2+ (40. Qxb4
axb4 41. Nxb6 Bb7 42. Nd7 Ba6 (42... Bc6 43. Ne5 Bb5) 43. Ne5 (43. Nc5 Bf1 44.
Kg1 Bb5 45. f4 Kf6 46. Kf2 Ke7 $14) 43... Bb5 44. Kg3 f6 45. Nf3 Bd3 46. Nd4
Bb1 47. Kf3 Bxa2 48. Ke2 Bb1 49. Kd2 Kf7 50. Nc6 Ke6 51. Nxb4 $18) 40... Kh6 (
40... d4 41. Qxd4+ Qxd4 42. exd4 b5 43. Nc5 Bc8 44. d5 Kf6 45. d6 Be6 46. Kg3
Bd5 47. f3 b4 48. Kf4 $18) 41. Qf6 $1 Bc8 42. Ne5 Be6 43. g4 Qe4 44. Nxf7+ $1
Bxf7 {[%tqu "En","?","","","g4g5","",10]} 45. g5+ $1 (45. Qxf7 $18) 45... Kh5
46. Qg7 $3 Kxg5 47. f4+ Kf5 (47... Kh5 48. Qxh7#) 48. Qxf7#) 36... Ke7 37. Nxb6
Ke6 $1 $16) 35... Qb5 (35... Qd3 36. Bd4 $16) 36. Na4 Qd3 (36... h5 37. Bd4 $16
) 37. Bd4 Qb5 38. Nc3 Qc6 39. Qd1 Bb4 (39... f5 $16) 40. Ne2 Qb5 (40... h5 41.
Bb2 (41. Nf4 Bd6 42. Qf3 Qc1+ 43. Kh2 Bb7 44. g3 h4 45. gxh4 Qb1 $16) 41... Bc5
$16) 41. Nf4 Bd6 42. Qf3 Qf1+ (42... Bb7 43. g4 $16) 43. Kh2 Bb7 44. g3 Bc8 $2
(44... Qb5 45. h4 f5 $16) (44... Bc7 $2 45. h4 Qb5 46. h5 Bd6 47. Nxg6 $1 fxg6
48. Qf6 Qd7 49. Qh8+ Kf7 50. Qxh7+ $18) 45. Nxd5 $18 Qxh3+ 46. Kg1 Qf5 47. Nf6+
Kf8 48. Qc6 1-0

[Event "RUS-Cup03 Geller Memorial"]
[Site "Moscow"]
[Date "1999.02.07"]
[Round "6"]
[White "Iljushin, Alexei"]
[Black "Poluljahov, Aleksandr"]
[Result "0-1"]
[WhiteElo "2484"]
[BlackElo "2566"]
[Annotator "Tsesarsky,I"]
[PlyCount "40"]
[EventDate "1999.02.10"]
[EventType "swiss"]
[EventRounds "9"]
[EventCountry "RUS"]
[SourceTitle "CBM 070"]
[Source "ChessBase"]
[SourceDate "1999.06.08"]
[SourceVersion "1"]
[SourceVersionDate "1999.06.08"]
[SourceQuality "1"]

{[%mdl 24580]} 1. d4 d5 2. c4 e6 3. Nf3 c6 4. Qc2 Nf6 5. g3 dxc4 6. Qxc4 b5 7.
Qc2 Bb7 8. Bg2 Nbd7 9. O-O (9. a4 c5 10. O-O b4 11. Bg5 (11. a5 Rc8 12. dxc5
Rxc5 13. Qa4 Bc6 14. Qa2 Bd5 15. Qa4 Bc6 16. Qa2 Bd5 17. Qa4 {1/2-1/2 Zhu
Chen-Vera,R/Open, Ubeda ESP 1998 (17)}) 11... Rc8 12. dxc5 Bxc5 13. Qd3 O-O 14.
Nbd2 h6 15. Be3 Qb6 {1/2-1/2 Andersson,U-Lautier,J/Keres mem, Tallin EST 1998 
(15)}) (9. Nc3 c5 10. dxc5 (10. Nxb5 Qa5+ 11. Nc3 cxd4 $19) 10... Bxc5 11. O-O
(11. Nxb5 Qb6 $17) 11... Rc8 12. a3 $132) 9... c5 10. Rd1 $2 $15 {[%csl Rf2]
Rf1 must defence Pf2 !} (10. a4 cxd4 11. axb5 (11. Nxd4 Rc8 12. Qd3 Bxg2 13.
Kxg2 b4 14. Nb5 Qb6 15. Be3 Qb7+ 16. Kg1 a6 17. Nd6+ Bxd6 18. Qxd6 Nd5 19. g4
Nxe3 20. fxe3 Rc6 $19 {1-0 Czanderle,G-Chuchelov,V/Berliner Sommer 1996/EXP 54
(44)}) 11... e5 12. Bg5 $132) (10. dxc5 Bxc5 11. Bg5 Rc8 12. Qb3 a6 13. Nc3 O-O
14. Rad1 Qb6 $11 {0-1 Kopjonkin,G-Matlak,M/Frydek Mistek op(4) 1996 (53)}) (10.
Nc3 b4 (10... Qb6 11. Be3 Ng4 12. dxc5 Nxe3 13. cxb6 Nxc2 14. Rac1 a6 (14...
Nb4 15. Nxb5 $132) (14... Nxb6 15. Rxc2 a6 16. Ne5 Bxg2 17. Kxg2 Bd6 $11) (
14... Rc8 15. Rxc2 b4 16. bxa7 bxc3 17. Nd4 Bxg2 18. Kxg2 Bc5 19. Rxc3 Ra8 20.
Nc6 $132) 15. Rxc2 (15. Ne5 Nxe5 (15... Bxg2 16. Nxd7 Bb7 (16... Bxf1 17. b7
Rd8 18. b8=Q Rxb8 19. Nxb8 $11) 17. Nxf8 Nb4 18. a3 Nd5 $11 19. Nxd5 Bxd5 20.
b7 Bxb7 21. Rc7 Bc8 22. Rfc1 Rxf8 23. Rxc8+ Rxc8 24. Rxc8+ Ke7 $11) 16. Bxb7
Rb8 17. Bxa6 Nd4 $15 {1-0 Cvetkovic,S-Makarov,M/Arandjelovac 1993/Inf 57/ (43)}
) 15... Nxb6 $11) (10... a6 11. Bg5 Rc8 12. dxc5 Bxc5 13. Rad1 Qb6 14. Qb1 $11
{1/2-1/2 Piscicelli,D-Tregubov Pavel V/Buenos Aires 1996 (41)}) 11. Na4 Rc8 (
11... cxd4 12. Nxd4 Bxg2 13. Kxg2 Rc8 14. Qd3 Qa5 15. b3 Qd5+ 16. f3 Be7 17. e4
Qb7 18. Be3 $11 {1-0 Dautov,R-Euler,G/BL2-W 1994 (57)}) (11... Be4 12. Qc4 Bd5
13. Qa6 $11) 12. a3 (12. Nxc5 Nxc5 13. dxc5 Bxc5 14. Qa4+ Bc6 15. Qa6 $11 {
1/2-1/2 Zagorskis,D-Vaisser,A/EUCup f Lyon ,CBM 1994 (58)}) 12... cxd4 13. Qd1
e5 14. axb4 Bxb4 15. Qb3 Bxf3 16. exf3 a5 17. Rd1 O-O 18. f4 Re8 19. fxe5 Nxe5
20. Be3 d3 $1 (20... dxe3 $2 21. Rxd8 exf2+ 22. Kxf2 Rcxd8 $44 {1/2-1/2
Hertneck,G-Bareev,E/Vienna op 1996 (32)}) 21. Bf4 d2 22. Nc3 Nc4 $17) 10... Rc8
(10... a6 $6 11. Nc3 Rc8 12. dxc5 Bxc5 13. Ne5 Bxg2 (13... Qb6 14. Nd3 (14.
Nxd7 Bxf2+ 15. Kf1 Bxg2+ 16. Kxg2 Nxd7 $17)) 14. Kxg2 O-O 15. Bf4 Qb6 16. Nxd7
Qb7+ 17. f3 Nxd7 18. Ne4 Be7 19. Qb3 Nf6 $11 {1/2-1/2 Campos,M-Alvarez,I/
Pamplona op 1996 (40)}) 11. Qb3 Qb6 12. Nc3 (12. a4 b4 13. a5 (13. Bf4 cxd4 14.
a5 Qa6 15. Nbd2 Be7 16. Ne5 Bxg2 17. Kxg2 g5 $1 (17... O-O $17 {0-1 Matzdorf,
M-Legde,G/OLHessen 1992 (28)}) 18. Nxd7 Nxd7 $19) 13... Qa6 14. dxc5 Bxc5 15.
Qd3 Qxd3 16. exd3 Ke7 17. Nbd2 Bd5 $15 {1/2-1/2 Chernuschevich,A-Fernandez,R/
WchJM-U16 Bratislava 1993 (47)}) 12... a6 13. Be3 (13. dxc5 Bxc5 14. e3 O-O $15
{[%csl Rc1]}) 13... Ng4 14. a3 (14. Bg5 h6 $1 $17 (14... cxd4 $6 15. Nxd4 Bxg2
16. Kxg2 e5 17. Nd5 Qg6 18. Rac1 Bc5 (18... Rxc1 19. Rxc1 Nc5 20. Nc7+ Kd7 21.
Ncxb5 $1 axb5 22. Qxb5+ Kc8 23. Rxc5+ Bxc5 24. Qxc5+ $18) 19. Ne7 $3 Qxg5 20.
Nxc8 exd4 21. Nd6+ Ke7 22. Ne4 Qh5 23. h3 Ne3+ 24. fxe3 Qxe2+ 25. Nf2 (25. Kg1
Ne5 26. Rf1 Nf3+ 27. Rxf3 Qxf3 28. Rxc5 Qxe4 29. Rc7+ Kd8 30. Qxf7 Qxe3+ $11)
25... dxe3 26. Rc2 $16)) (14. dxc5 Nxc5 15. Bxc5 (15. Na4 Nxb3 16. Nxb6 Nxa1
17. Nxc8 Nxe3 18. fxe3 Nc2 19. Kf2 Bxc8 20. Rc1 Bd6 (20... Nxe3 21. Rxc8+ Kd7
22. Ra8 Nd1+ 23. Kf1 Ke7 (23... g6 24. Ne5+ Ke7 25. Rxa6 Kf6 $11) (23... Nxb2
$2 24. Ne5+ Ke7 25. Ra7+ Kf6 26. Nd7+ Kf5 27. Ra8 $16) 24. Rxa6 Kf6 $132) 21.
Rxc2 Ke7 22. Nd4 Kf6 $17) 15... Bxc5 16. e3 Bxe3 $19) 14... Nxe3 15. fxe3 Be7
16. Rac1 O-O 17. Ne1 $2 $19 (17. Kh1 Rfd8 $17) 17... Bg5 18. Na2 (18. Nc2 Bxg2
19. Kxg2 cxd4 $19) 18... cxd4 19. Rxd4 Nc5 20. Qc3 Bf6 0-1